Trenčín.Vlastivedná monografia II.

Salvato in:
Dettagli Bibliografici
Natura: Libro
Lingua:slovacco
Pubblicazione: Bratislava : Alfa, 1987
Tags: Aggiungi Tag
Nessun Tag, puoi essere il primo ad aggiungerne!!

MARC

LEADER 00000nam a22000003a 4500
001 stu96013
005 20150408162703.4
008 051010s1987----xo------------------slo-d
020 |a 80-88811-62-7 
040 |a STU  |b slo 
041 0 |a slo 
044 |a xo 
080 |a 940.2(437.6) 
245 |a Trenčín.Vlastivedná monografia II. 
260 |a Bratislava :  |b Alfa,  |c 1987 
300 |a 310 s.;obr 
996 |b 284V017389  |c V*48898/O-21532 II.  |l VVT  |s A  |a 24  |w stu96013_0001